000
00215nam a22000977a 4500
082
_a
911.1 COM'M
245
_a
COMMERCIAL GEOGRAPHY OF THE WORLD
260
_a
LONDON
_b
SIR ISAAC
_c
1920
300
_a
324P
942
_c
BK
999
_c
567875
_d
567875